000
00335 a2200157 4500
001
58811
020
_a
9788516055042
040
_c
Anchieta - Pituba
100
_a
Apolinário, Maria Raquel
240
1
0
_a
História 9
_l
por
245
1
0
_a
História 9
300
_a
280
362
0
_a
2007
650
4
_a
História do mundo
942
_c
BK
999
_c
58811
_d
58811